01717nam a22002177a 4500008004100000020001800041041000800059092001900067100002700086245007800113250006600191260004600257300002200303500011900325505074200444590005401186655002101240942001301261999001501274952021001289171121s2007 ag ||||g |||| 001 0 spa d a9789871093229 aspa c808.8l81sSTE1 aStevenson, R. L.93213 aCuentos de los mares del sur.bEl diablo en la botella /cR. L. Stevenson a1a ed. 1a reimp.bTraducción César I. Rodríguez Mondino aCaseros [Buenos Aires]:bGradifco;c2007. a128 p.c19x12 cm. aStevenson, R. L. (2007). Cuentos de los mares del sur. El diablo en la botella. (1a ed.). Buenos Aires : Gradifco. aRobert Louis Balfour Stevenson (1859-1894), considerado como uno de los escritores más destacados de su época, logró que muchas de sus obras se convirtieran en clásicos de la literatura infantil. Se lo puede describir como un viajero incansable que recorrió parte de Europa y de América del Norte en busca de un clima propicio que le permitiera vivir con dignidad a pesar de las dolencias físicas que sufría. Vivió en Apia, capital de las Islas Samoa, y durante esa época se unió a los jefes locales de la islas. Apodado Tusitala (el que cuenta historias) por lo lugareños, en este volumen nos regala algunos de sus relatos basados en fantasías e intrigas que se desarrollan en las islas de los mares del Sur.  aDonación Juan Carlos Constanzo, noviembre 2017. aLiteratura92917 2ddccLIT c2593d2593 00102ddc40708NFICaBFMbBFMcCRd2017-11-21eDonación Juan Carlos Constanzol2o808.8 81 STEp4056r2019-02-08s2018-12-21tEj.1w2017-11-21yLITzDonación de Juan Carlos Constanzo, noviembre 2017.